Language Quiz

Random Language or Country Quiz

Country Names in Turkish Quiz Stats

 Plays Quiz Updated May 16, 2019

Score 0/30 Timer 05:00
1 Play Today
Turkish Name English Name % Correct
JaponyaJapan
95.1%
İrlandaIreland
94.3%
KanadaCanada
94.1%
BrezilyaBrazil
93%
Amerika Birleşik DevletleriUnited States of America
91.3%
HollandaNetherlands
89.3%
KamerunCameroon
88.5%
HindistanIndia
86.1%
FilipinlerPhilippines
84.6%
KamboçyaCambodia
84.5%
Birleşik Arap EmirlikleriUnited Arab Emirates
83.4%
PortekizPortugal
82.8%
Yeni ZelandaNew Zealand
82.2%
EndonezyaIndonesia
79.2%
ArjantinArgentina
78.8%
Turkish Name English Name % Correct
LübnanLebanon
75.8%
ÇinChina
69.9%
UmmanOman
66.7%
SeyşellerSeychelles
65.8%
AlmanyaGermany
57.1%
Güney KoreSouth Korea
45.1%
ErmenistanArmenia
42.4%
ŞiliChile
41%
GineGuinea
40.6%
LetonyaLatvia
38.9%
ÜrdünJordan
15%
MısırEgypt
14.4%
YunanistanGreece
10%
İsviçreSwitzerland
9.2%
KaradağMontenegro
4.7%

You're not logged in!

Compare scores with friends on all Sporcle quizzes.
OR
Log In

Sporcle TV

Today on Sporcle TV


Watch our educational content, quiz creation guides, and fun videos on Sporcle TV.

Show Comments

Extras

Top Quizzes Today


Score Distribution

Your Account Isn't Verified!

In order to create a playlist on Sporcle, you need to verify the email address you used during registration. Go to your Sporcle Settings to finish the process.

Report this User

Report this user for behavior that violates our Community Guidelines.

Details: